000 00352 a2200157 4500
001 152558
040 _cEscola São Tomás de Aquino
100 _aCARR, Stella
240 1 0 _aPedrinho esqueleto
_lpor
245 1 0 _aPedrinho esqueleto
300 _a32
362 0 _a2010
440 1 _aMelhoramentos
697 _a*LITERATURA INFANTO
942 _cBK
999 _c152558
_d152558